Позор семьи = La Honte de la famille

Библиографические подробности
Главный автор: Эксбрайя Ш. Шарль
Язык:французский
русский
Опубликовано: Москва, Цитадель, 2001
Серии:Литературный клуб
Совершенствуем французский
Предметы:
Формат: MixedMaterials Книга
Запись в KOHA:https://koha.lib.tpu.ru/cgi-bin/koha/opac-detail.pl?biblionumber=57156

MARC

LEADER 00000nam0a2200000 4500
001 57156
005 20231031054106.0
010 |a 5765701507 
035 |a (RuTPU)RU\TPU\book\60291 
090 |a 57156 
100 |a 20031024d2001 m y0rusy50 ca 
101 0 |a fre  |a rus 
102 |a RU 
105 |a y j 000ay 
200 1 |a Позор семьи = La Honte de la famille  |f Ш. Эксбрайя 
210 |a Москва  |c Цитадель  |d 2001 
215 |a 224 с. 
225 1 |a Литературный клуб 
225 1 |a Совершенствуем французский 
610 1 |a французский язык 
610 1 |a детективы 
610 1 |a книги для чтения 
686 |a Ш147.11-923.8  |v LBC/SL-A  |2 rubbk 
700 1 |a Эксбрайя  |b Ш.  |g Шарль 
801 1 |a RU  |b 63413507  |c 20031024  |g PSBO 
801 2 |a RU  |b 63413507  |c 20221205  |g PSBO 
942 |c BK